| Поле | Инд. | ПП | Название | Значение |
|---|---|---|---|---|
| Тип записи | a | |||
| Библиографический уровень | m | |||
| 001 | Контрольный номер | e504c4ec-4f84-4e8f-90d9-b31effb6c23e | ||
| 005 | Дата корректировки | 20140703162505.1 | ||
| 008 | Кодируемые данные | 071218 | ||
| 020 | a | ISBN | 978-5-482-01454-7 | |
| c | Цена, тираж | 90.00 | ||
| 040 | a | Служба первич. каталог. | НБ ТвГУ | |
| 041 | a | Код языка текста | rus | |
| 080 | a | Индекс УДК | 347.931(470) | |
| 084 | a | Индекс другой классификации/Индекс ББК | Х711-8 | |
| a | Индекс другой классификации/Индекс ББК | Х410.1 | ||
| 090 | a | Полочн. индекс | Х711 | |
| x | Авторский знак | С23 | ||
| 245 | 10 | a | Заглавие | Сборник судебных документов |
| b | Продолж. заглавия | [более 300 образцов] | ||
| c | Ответственность | сост. М. Л. Морозова | ||
| 260 | 0_ | a | Место издания | Москва |
| b | Издательство | Проспект | ||
| b | Издательство | Велби | ||
| c | Дата издания | 2007 | ||
| 300 | a | Объем | 353, [1] с. | |
| 583 | a | Действие | Получение впервые 327 18.12.2007 | |
| k | Исполнитель действия | ООО "ТД Учкнига" | ||
| 650 | a | Основная рубрика | Процессуальные документы по гражданским делам | |
| x | Основная подрубрика | Оформление | ||
| 650 | a | Основная рубрика | Процессуальные документы по арбитражным делам | |
| 653 | a | Ключевые слова | Документы | |
| a | Ключевые слова | Образцы документов | ||
| a | Ключевые слова | Процессуальные документы | ||
| a | Ключевые слова | Судебные документы | ||
| 700 | 1_ | a | Другие авторы | Морозова Мария Львовна |
| e | Роль лиц | сост. | ||
| 852 | t | Порядковый номер экземпляра | 5 | |
| p | Инвентарный номер | 895350 | ||
| p | Инвентарный номер | 895351 | ||
| p | Инвентарный номер | 895352 | ||
| p | Инвентарный номер | 895353 | ||
| p | Инвентарный номер | 895354 | ||
| 863 | t | 00201518 | ||
| 863 | t | 00201519 | ||
| 863 | t | 00201520 | ||
| 863 | t | 00201521 | ||
| 863 | t | 00201522 | ||
| 888 | a | За счет средств университета | ||
| 952 | p | 327.2007 90.00 1 895350 | ||
| p | 327.2007 90.00 1 895351 | |||
| p | 327.2007 90.00 1 895352 | |||
| p | 327.2007 90.00 1 895353 | |||
| p | 327.2007 90.00 1 895354 | |||
| c | Вид литературы | К рн | ||
| 954 | a | Дата поступления на обработку | 20080130 | |
| 999 | a | Подразделение 2 | Фил1 |